Normal view
MARC view
Entry Personal Name
001 - CONTROL NUMBER
- control field: 37498
003 - CONTROL NUMBER IDENTIFIER
- control field: ARRUPE
005 - DATE AND TIME OF LATEST TRANSACTION
- control field: 20171109142843.0
008 - FIXED-LENGTH DATA ELEMENTS
- fixed length control field: 171109|| aca||aabn | a|a d
040 ## - CATALOGING SOURCE
- Original cataloging agency: ARRUPE
- Transcribing agency: ARRUPE
100 ## - HEADING--PERSONAL NAME
- Personal name: Wittgenstein's, Ludwig. Tractatus Logic- Philosophicus
670 ## - SOURCE DATA FOUND
- Source citation: Work cat.: (ARRUPE): Morris, Michael 37497, Routledge philosophy guidebook to Wittgenstein and the Tractatus Logico-Philosophicus, 2008